| 000 | 00817 a2200229 4500 | ||
|---|---|---|---|
| 010 | _aENG-89083 | ||
| 020 |
_a8124603979 _c800.00 |
||
| 035 | 1 | 4 | _aEN-72616 |
| 037 | 1 | _bDBAD / PUB | |
| 082 | 1 | 4 | _a230.64 |
| 090 |
_c10197 _d10197 |
||
| 100 | _aBuhnemann, Gudrun | ||
| 245 | 1 |
_aMandalas and yantras in the Hindu traditions / _cby Gudrun Buhnemann |
|
| 250 | _arev. ed. | ||
| 260 |
_aNew Delhi _bD.K. Printworld _c2007 |
||
| 270 |
_mdkprintworld@vsnl.net _a`Sri Kunj', F-32, Bali Nagar, _bNew Delhi _e110 015 |
||
| 300 |
_axvii, 304p.: _c23 cm ( Hb) _bcol.plates, b&w photos & line drawings |
||
| 500 | _aIncludes bibliographical references and index | ||
| 650 | _aMandala | ||
| 942 |
_adpl _cEN _k230.64 / BUH |
||
| 999 |
_c9957 _d9957 |
||